Statistiques concernant Devinez le Département Mystère #85

Cliquez ici pour prendre le quiz!

Statistiques générales

  • Ce quiz a été pris 100 fois
  • Le résultat moyen est 30 sur 43

Statistiques - réponses

Type de RéponseRéponse% Correct
Lettre TrouvéeE
100%
Lettre TrouvéeR
100%
Lettre de l'AlphabetI
99%
Lettre TrouvéeL
99%
Lettre de l'AlphabetN
99%
Lettre TrouvéeO
99%
Lettre TrouvéeT
99%
Lettre de l'AlphabetA
98%
Lettre de l'AlphabetD
98%
Lettre TrouvéeS
98%
Lettre TrouvéeU
96%
Lettre de l'AlphabetC
91%
Lettre TrouvéeH
91%
Lettre TrouvéeM
88%
Lettre de l'AlphabetV
88%
Lettre de l'AlphabetP
85%
Lettre de l'AlphabetY
79%
Lettre de l'AlphabetB
77%
Lettre de l'AlphabetG
77%
Lettre de l'AlphabetF
67%
Lettre de l'AlphabetQ
65%
Lettre de l'AlphabetJ
60%
Lettre de l'AlphabetX
59%
Lettre de l'AlphabetZ
56%
Lettre Bien PlacéeE
49%
Lettre Bien PlacéeE
49%
Lettre Bien PlacéeE
49%
Lettre Bien PlacéeE
49%
Lettre Bien PlacéeE
49%
Lettre Bien PlacéeH
49%
Lettre de l'AlphabetK
49%
Lettre Bien PlacéeL
49%
Lettre Bien PlacéeL
49%
Lettre Bien PlacéeM
49%
Lettre Bien PlacéeM
49%
Département MystèreMeurthe-et-Moselle
49%
Lettre Bien PlacéeO
49%
Lettre Bien PlacéeR
49%
Lettre Bien PlacéeS
49%
Lettre Bien PlacéeT
49%
Lettre Bien PlacéeT
49%
Lettre Bien PlacéeU
49%
Lettre de l'AlphabetW
49%

Distribution des résultats

Percentile par nombre de réponses

% des personnes avec chaque résultat

Votre développement - résultats

Vous n’avez pas pris ce quiz